000 00819nab a2200241 4500
003 BR-BrBNA
005 20250707122147.0
008 250707b bl.||||| |||| 00| 0 por d
040 _aBR-BrBNA
_bpor
072 _aN20 ; F06 ; P10 ; E14
_b4630
100 _aRibeiro, Juliana
245 _aO pivô da alta produtividade
_bAgronegócios
500 _a1 illus.
650 _aIRRIGAÇÃO POR PIVÔ CENTRAL
650 _aMONITORAMENTO
650 _aINOVAÇÃO TECNOLÓGICA
650 _aMANEJO DE ÁGUA
650 _aPRODUTIVIDADE
650 _aCUSTO DE PRODUÇÃO
773 0 _01706
_9347906
_dSão Paulo-SP Editora Três Ltda - E-mail: luizfsa@revistadinheiro.com.br 2004
_o2025-0405
_tDinheiro Rural (Brazil)
_x1807-3700
_gv. 6(68) p. 42; (Jun 2010)
_wBR2025003738
942 _cANA
999 _c332436
_d332436